| 000 | 00917nam a22002177a 4500 | ||
|---|---|---|---|
| 999 |
_c15471 _d15471 |
||
| 003 | AR-CdUCM | ||
| 008 | 190427b ||||| |||| 00| 0 spa d | ||
| 040 |
_aMUNICIPALIDAD PROVINCIAL DEL CUSCO _cBIBLIOTECA MUNICIPAL DEL CUSCO |
||
| 082 |
_a985.033 / _bS58 |
||
| 100 |
_aSivirichi, Atilio _97194 |
||
| 245 | _aLa revolución social de los Túpac Amaru / | ||
| 260 |
_aLima : _bEdit. Universo, _c1979. |
||
| 300 |
_a218 paginas ; _bIlustraciones, _c20 cm. |
||
| 505 | _aContenido : El Perú virreinal en el siglo XVIII -- Visión socioeconomica del Perú en los albores de la revolución social de Tupac A. -- Tupac A. y las operaciones iniciales -- La revolución del Cusco -- Prision y muerte del inca Tupac A. | ||
| 650 |
_aTupac Amaru _9623 |
||
| 650 |
_aSangarara _934555 |
||
| 650 |
_aAlto Perú _91633 |
||
| 650 |
_aLos realistas del Collao _934556 |
||
| 942 |
_2ddc _cLIBROS |
||
| 945 |
_awnts _d2019-04-27 |
||